Welcome to CU Library Online Public Access Catalogue (OPAC)

The new leaders: (Record no. 3260)

MARC details
000 -LEADER
fixed length control field 00436nam a22001577a 4500
005 - DATE AND TIME OF LATEST TRANSACTION
control field 20250130151405.0
008 - FIXED-LENGTH DATA ELEMENTS--GENERAL INFORMATION
fixed length control field 250130b |||||||| |||| 00| 0 eng d
020 ## - INTERNATIONAL STANDARD BOOK NUMBER
International Standard Book Number 9780749422295
050 ## - LIBRARY OF CONGRESS CALL NUMBER
Classification number HD 57.7 T 34
Item number 1
100 ## - MAIN ENTRY--PERSONAL NAME
Personal name TAFFINDER, Paul
245 ## - TITLE STATEMENT
Title The new leaders:
Remainder of title Achieving corporate transformation through dynamic leadership
260 ## - PUBLICATION, DISTRIBUTION, ETC.
Place of publication, distribution, etc. London
Name of publisher, distributor, etc. Kogan page
Date of publication, distribution, etc. 1995
300 ## - PHYSICAL DESCRIPTION
Extent 192p
500 ## - GENERAL NOTE
General note index
942 ## - ADDED ENTRY ELEMENTS (KOHA)
Source of classification or shelving scheme Library of Congress Classification
Koha item type Books
Suppress in OPAC No
999 ## -
-- 3260
-- 3260
Holdings
Withdrawn status Lost status Source of classification or shelving scheme Damaged status Not for loan Collection Home library Current library Shelving location Date acquired Total checkouts Full call number Barcode Date last seen Copy number Price effective from Koha item type
    Library of Congress Classification     Non-fiction Graduate Library (Christ Temple) Graduate Library (Christ Temple) General stacks 01/30/2025   HD 57.7.T34 TAF GSCT00000408 01/30/2025 1 01/30/2025 Books
    Library of Congress Classification     Non-fiction Graduate Library (Christ Temple) Graduate Library (Christ Temple) General stacks 01/30/2025   HD 57.7.T34 TAF GSCT00000409 01/30/2025 2 01/30/2025 Books
    Library of Congress Classification     Non-fiction Graduate Library (Christ Temple) Graduate Library (Christ Temple) General stacks 01/30/2025   HD 57.7.T34 TAF GSCT00000410 01/30/2025 3 01/30/2025 Books
    Library of Congress Classification     Non-fiction Graduate Library (Christ Temple) Graduate Library (Christ Temple) General stacks 01/30/2025   HD 57.7.T34 TAF GSCT00000411 01/30/2025 4 01/30/2025 Books
    Library of Congress Classification     Non-fiction Graduate Library (Christ Temple) Graduate Library (Christ Temple) General stacks 01/30/2025   HD 57.7.T34 TAF GSCT00000412 01/30/2025 5 01/30/2025 Books
    Library of Congress Classification     Non-fiction Graduate Library (Christ Temple) Graduate Library (Christ Temple) General stacks 01/30/2025   HD 57.7.T34 TAF GSCT00000413 01/30/2025 6 01/30/2025 Books
© 2023-2024 Copyright: Central University Libraries. All Rights Reserved | Created by: Mahone Tech Office